Statystyki dla Wszyscy zwycięzcy klubowych mistrzostw świata

Kliknij tutaj aby rozwiązać quiz!

Ogólne statystyki

  • Ten quiz został rozwiązany 150 razy
    (67 od ostatniego zresetowania)
  • Średni wynik to 16 z 20

Statystyki odpowiedzi

RokZwycięzca% Poprawnych
2014Real Madryt
100%
2016Real Madryt
100%
2022Real Madryt
100%
2018Real Madryt
100%
2017Real Madryt
100%
2023Manchester City
98%
2011FC Barcelona
97%
2015FC Barcelona
97%
2009FC Barcelona
97%
2021Chelsea
90%
2013Bayern Monachium
89%
2020Bayern Monachium
89%
2019Liverpool
89%
2008Manchester United
89%
2007AC Milan
80%
2010Inter Mediolan
54%
2012SC Corinthians Paulista
30%
2000SC Corinthians Paulista
30%
2005São Paulo FC
26%
2006SC Internacional
13%

Rozkład punktacji

Percentyl według liczby udzielonych odpowiedzi

Procent ludzi z każdym wynikiem

Twoja historia wyników

Nie rozwiązałeś tego quizu od ostatniego zresetowania